Statistics for Random NFL Logo to Team

Click here to take the quiz!

General Stats

  • This quiz has been taken 382 times
  • The average score is 8 of 10

Answer Stats

Answer% Correct
Cincinnati Bengals
100%
Indianapolis Colts
100%
Chicago Bears
96%
Jacksonville Jaguars
94%
Miami Dolphins
94%
Seattle Seahawks
94%
Los Angeles Chargers
93%
Philadelphia Eagles
93%
Pittsburgh Steelers
93%
Detroit Lions
90%
Minnesota Vikings
90%
Tennessee Titans
90%
Baltimore Ravens
89%
Dallas Cowboys
89%
Buffalo Bills
88%
New York Jets
88%
San Francisco 49ers
88%
Green Bay Packers
86%
New York Giants
83%
Denver Broncos
82%
Kansas City Chiefs
81%
Los Angeles Rams
81%
Atlanta Falcons
80%
Houston Texans
80%
Las Vegas Raiders
80%
New Orleans Saints
76%
Arizona Cardinals
72%
Tampa Bay Buccaneers
71%
Cleveland Browns
70%
Carolina Panthers
69%
New England Patriots
67%
Washington Commanders
64%

Score Distribution

Percentile by Number Answered

Percent of People with Each Score

Your Score History

You have not taken this quiz